00338nam a22001217a 450000500170000000800410001704000130005808200200007110000210009124500700011226000230018230000110020520171228111448.0171228b xxu||||| |||| 00| 0 eng d cPK-LaUMT aPKAC 324bKIM-B aKimber , Charlie aIn the balance: bthe class struggle in Britain/cCharlie Kimber  aLondon:b[ ]c2009 a208 p.